书目信息 |
| 题名: |
建筑构造资料集 下册
|
|
| 作者: | 陈保胜 主编 | |
| 分册: | ||
| 出版信息: | 北京 中国建筑工业出版社 1994.02 |
|
| 页数: | 251页 | |
| 开本: | 16开 | |
| 丛书名: | ||
| 单 册: | ||
| 中图分类: | ||
| 科图分类: | ||
| 主题词: | 建筑构造--结构设计 | |
| 电子资源: | ||
| ISBN: | 7-112-02212-6 | |
| 000 | 00606nam0 2200205 45 | |
| 001 | 9912101589 | |
| 005 | 20000314110130.7 | |
| 010 | @a7-112-02212-6@d55.00元 | |
| 100 | @a19991210d1994 km y0chiy0120 ea | |
| 101 | @achi | |
| 105 | @a z 000yy | |
| 200 | 1 | @a建筑构造资料集 下册@AJian Zhu Gou Zao Zi Liao Ji Xia Ce@f陈保胜 主编@FChen Bao Sheng Zhu Bian |
| 210 | @a北京@c中国建筑工业出版社@d1994.02 | |
| 215 | @a251页@d16开 | |
| 606 | 0 | @a建筑构造@x结构设计 |
| 690 | @v3 | |
| 690 | @aTU22-62@v3 | |
| 701 | @a陈保胜 @4主编 | |
| 801 | @aCN@bPFTUser@c19991210 | |
| 905 | @b50575-576@dTU22-62@eCH777:2@f2 | |
| 建筑构造资料集 下册/陈保胜 主编.-北京:中国建筑工业出版社,1994.02 |
| 251页;16开 |
| ISBN 7-112-02212-6:55.00元 |
| ● |
| 相关链接 |
|
|
|
正题名:建筑构造资料集下册
索取号:TU22-62/CH777:2
 
预约/预借
| 序号 | 登录号 | 条形码 | 馆藏地/架位号 | 状态 | 备注 |
| 1 | 50575 | 200505756 | 建筑库101/101建筑库 47排1列3层/ [索取号:TU22-62/CH777:2] | 在馆 | |
| 2 | 50576 | 200505765 | 自科二线404/404自科库 12排1列5层/ [索取号:TU22-62/CH777:2] | 在馆 |